| 000 | 00573cam a22002171 4500 | ||
|---|---|---|---|
| 001 | sa 64001452 | ||
| 003 | DLC | ||
| 005 | 20260227112002.0 | ||
| 008 | 951013s1963 ii 000 0 eng | ||
| 010 | _asa 64001452 | ||
| 025 | _aPL480:I-E-2451 | ||
| 035 | _a(OCoLC)33294924 | ||
| 040 |
_aDLC _cNSyU _dDLC |
||
| 042 | _apremarc | ||
| 050 | 0 | 0 |
_aHD31 _b.T485 |
| 100 | 1 |
_aThandaveswara, Sri, _d1910- |
|
| 245 | 1 | 0 |
_aTowards better management; _bsix talks. |
| 260 |
_aBombay, _bAssociated Industrial Services _c[1963] |
||
| 300 |
_a54 p. _c22 cm. |
||
| 650 | 0 | _aManagement. | |
| 999 |
_c56754 _d56754 |
||